000 nam a22 a 4500
999 _c97591
_d97591
003 BLK
005 20230327123721.0
008 180409b bul|||||r ||||||| ||bul||
010 _aKNG00102503000
040 _aBLK
041 _aBUL
_cBUL
072 7 _2bullib
_aК
_xКраезнание
080 _aРибно стопанство
_b639.2/.3
_x(497.2)(091)
_z639.2/.3(497.2)(091)
100 1 _aЗмеев, Рачо Николов
_d1929–1994
_eпърви автор
_970145
139 _aЗмеев, Рачо
_bЗ 78
245 1 0 _aРиболовът в Тутракан от миналото до наши дни
_bСтудия
_cРачо Николов Змеев.
257 _aBGR
260 _aСилистра
_bОкр. истор. музей
_c1973
300 _a78 с.
_bс ил.
_c20 см
380 _a62
500 _a2 500 тир.
650 4 _aРиболов - България - история
_9260378
852 _aЦб 69364
_bЦб
852 _aК 63/З-78 Р
_bК
942 _cKNG
_n0
_s1
_01
944 _aCR
_c01.01.1999
_lф /
_kAB_DOS
944 _aED
_c2022-08-08
_kСТ
999 _d97591
999 _d97591